[Event "Asia-ch 4th"]
[Site "Doha"]
[Date "2003.02.27"]
[Round "6"]
[White "Isaev, Jamshed"]
[Black "Safin, Shukhrat"]
[Result "1/2-1/2"]
[WhiteElo "2438"]
[BlackElo "2529"]
[Annotator "Mueller,Karsten"]
[PlyCount "93"]
[EventDate "2003.02.22"]
[EventType "swiss"]
[EventRounds "9"]
[EventCountry "QAT"]
[SourceTitle "CBM 094"]
[Source "ChessBase"]
[SourceDate "2003.05.26"]
[SourceVersion "1"]
[SourceVersionDate "2003.05.26"]
[SourceQuality "1"]

1. e4 d5 2. exd5 Qxd5 3. Nc3 Qa5 4. d4 Nf6 5. Nf3 c6 6. Bc4 Bf5 7. Bd2 e6 8.
Qe2 Bb4 9. O-O-O Nbd7 10. a3 Bxc3 11. Bxc3 Qc7 12. Ne5 Nxe5 13. dxe5 Nd5 14.
Bd2 O-O-O 15. g4 Bg6 16. f4 h5 17. h3 Qb6 18. Rhf1 hxg4 19. hxg4 Qc5 20. Bb3
Rh3 21. Qf2 (21. Rf3 $5 Rdh8 22. Rdf1 (22. f5 Rh2 (22... exf5 23. gxf5 Bxf5 $2
(23... Rh2 $142) 24. Bb4 Qb6 25. Rxf5 Ne3 26. Rxf7 {1-0 Wiersma,E-Remmel,T/
Amsterdam 2000/EXT 2002 (26)}) 23. Qc4 (23. Qf1 $2 exf5 24. gxf5 Bh5 $17 {
0-1 Shmirina,E-Hoffmann,P/Dresden 2002/EXT 2003 (36)}) 23... Qxc4 24. Bxc4 exf5
25. gxf5 Bh5 26. Bxd5 cxd5 27. Rc3+ Kd7 $11 {1/2-1/2 Garay,L-Ratering,W/
Swiss-35.4 IECC 1998/MegaCorr2 (51)}) 22... Rh2 23. Qe1 R8h3 $11 {1/2-1/2
Darnstaedt,F-Kuehn,P/Germany 1995/GER-chT2 (52)}) 21... Qxf2 22. Rxf2 Be4 23.
f5 Bf3 24. Rg1 Rdh8 (24... Bxg4 $5 $11) 25. c4 Nb6 26. fxe6 fxe6 27. c5 Nd5 28.
Bd1 Bxd1 29. Kxd1 Rd8 30. Rf7 Rd7 31. Rf8+ Kc7 32. Kc1 b6 33. Re8 bxc5 34. Rxe6
c4 35. Re8 c3 $1 36. bxc3 Nxc3 37. Re1 Rd8 38. Re7+ Rd7 39. Rxd7+ Kxd7 40. e6+
Ke8 41. Re5 Nd5 42. a4 a6 43. Rf5 Rh4 44. g5 Rg4 45. Rf7 Rxa4 46. Rxg7 Re4 47.
Ra7 1/2-1/2

[Event "FRA-ch Haute"]
[Site "Vichy"]
[Date "2000.08.26"]
[Round "11"]
[White "Nataf, Igor Alexandre"]
[Black "Fressinet, Laurent"]
[Result "1/2-1/2"]
[WhiteElo "2526"]
[BlackElo "2536"]
[Annotator "Mueller,Karsten"]
[PlyCount "41"]
[EventDate "2000.08.15"]
[EventType "tourn"]
[EventRounds "4"]
[EventCountry "FRA"]
[SourceTitle "CBM 079"]
[Source "ChessBase"]
[SourceDate "2000.11.21"]
[SourceVersion "1"]
[SourceVersionDate "2000.11.21"]
[SourceQuality "1"]

1. e4 d5 2. exd5 Qxd5 3. Nc3 Qd6 4. d4 Nf6 5. Nf3 a6 6. g3 Bg4 7. Bg2 Nc6 8.
O-O O-O-O 9. d5 Nb4 (9... Nxd5 $2 10. Qxd5 Qxd5 11. Nxd5 Rxd5 12. Ng5 $14 {/+/-
}) 10. h3 Bh5 (10... Bxf3 $6 11. Qxf3 Nbxd5 (11... Nxc2 $2 12. Qf5+ $18) (11...
g6 12. Bf4 $36) 12. Rd1 e6 13. Nxd5 exd5 14. c4 $36) 11. Bf4 Qc5 12. Be3 Qa5
13. Qd4 (13. g4 $5 {(Fritz 6)}) 13... Nxc2 (13... Nfxd5 14. Qa7 Nxe3 15. fxe3
$13) 14. Qa7 Bxf3 15. Bxf3 Nxe3 (15... Qb4 $2 16. Bc5 Qxb2 17. Rab1 Qxc3 18.
Qxb7+ Kd7 19. Qc6+ Kc8 20. d6 $18) 16. Qa8+ {Nataf forciert lieber remis als
sich auf} (16. fxe3 Qb6 17. Qxb6 cxb6 $13 {einzulassen.}) 16... Kd7 17. Qxb7
Nxf1 18. Qc6+ Kc8 19. Qa8+ Kd7 20. Qc6+ Kc8 21. Qa8+ 1/2-1/2

[Event "EU-Cup 13th Group2"]
[Site "Eupen"]
[Date "1997.09.23"]
[Round "2"]
[White "Nataf, Igor Alexandre"]
[Black "Boric, Muhamed"]
[Result "0-1"]
[WhiteElo "2440"]
[BlackElo "2405"]
[Annotator "Mueller,Karsten"]
[PlyCount "108"]
[EventDate "1997.09.22"]
[EventType "team-k.o."]
[EventRounds "3"]
[EventCountry "BEL"]
[SourceTitle "EXT 2020"]
[Source "ChessBase"]
[SourceDate "2019.10.17"]
[SourceVersion "1"]
[SourceVersionDate "2019.10.17"]
[SourceQuality "1"]
[WhiteTeam "Clichy Echecs 92"]
[BlackTeam "Sarajevo Bosna"]
[WhiteTeamCountry "FRA"]
[BlackTeamCountry "BIH"]

1. e4 d5 2. exd5 Nf6 3. d4 Nxd5 4. c4 Nb6 5. Nf3 g6 6. Nc3 Bg7 7. h3 O-O 8. Be3
Nc6 9. Qd2 e5 10. d5 Na5 11. b3 e4 12. Ng5 (12. Nd4 {ist die Hauptfortsetzung.}
) (12. Nh2 $6 c6 13. Rc1 cxd5 14. Nxd5 Nc6 15. Be2 Nxd5 16. cxd5 Ne7 17. d6 Nf5
18. Bf4 e3 $1 19. fxe3 g5 $36 {0-1 Michalczak,T-Levin,F/BL2-W 1996/BL2 (43)})
12... f5 13. Rc1 (13. Rd1 $2 f4 $1 14. Bxb6 e3 15. fxe3 (15. Bxe3 fxe3 16. Qxe3
Bxc3+ 17. Qxc3 Qxg5 18. Qxa5 Re8+ 19. Be2 Qxg2 $19) 15... Qxg5 16. Bd4 fxe3 17.
Bxe3 Qg3+ 18. Bf2 Rxf2 19. Qxf2 Bxc3+ 20. Ke2 Bg4+ {0-1 Wenger,K-Kiss,A/Graz
op 1993/EXT 93op2}) 13... h6 14. Ne6 Bxe6 15. dxe6 Qxd2+ 16. Bxd2 c5 17. e7 Rf7
18. Nb5 {zwingt Schwarz zu einem interessanten Qualit�tsopfer.} Nc6 19. Nc7
Rxe7 20. Nxa8 Nxa8 {Obwohl Wei� zus�tzlich zur Mehrqualit�t noch das
L�uferpaar hat, ist die Lage nicht klar. Denn die schwarzen Springer
verf�gen �ber St�tzpunkte (d4,e5) und seine Bauernmajorit�t am
K�nigsfl�gel ist mobil.} 21. g4 Nc7 22. gxf5 gxf5 23. Rg1 Kh7 24. Be2 Ne6
25. Kf1 Bf6 26. Rd1 Ncd4 27. Bh5 Bg5 28. h4 Bxd2 (28... Bxh4 $2 29. Bg6+ Kh8 (
29... Kg7 30. Bxf5+ Ng5 31. Bc3 $16) 30. Bxh6 $16) 29. Rxd2 Nf4 30. Bd1 a5 31.
Rg3 Ng6 32. h5 Ne5 33. a3 b6 34. Re3 Kg7 35. Be2 Kf6 36. Rg3 Rg7 37. Rxg7 Kxg7
38. b4 axb4 39. axb4 Kf6 40. b5 $2 (40. bxc5 bxc5 41. Ra2 $13) 40... f4 $19 41.
f3 exf3 42. Bd3 Kg5 43. Kg1 Kh4 44. Bf1 Kg3 45. Rh2 Ne2+ (45... f2+ 46. Kh1 (
46. Rxf2 Nef3+ $19) 46... f3 47. Rh3+ Kf4 48. Rh4+ Ng4 49. Bh3 Kg3 50. Rxg4+
Kxh3 51. Rg3+ Kh4 $19) 46. Bxe2 Ng4 47. Rh3+ Kxh3 48. Bxf3 Kg3 49. Be2 Nf6 50.
Kh1 f3 51. Bd3 Nxh5 52. Kg1 Nf6 53. Kh1 Ng4 54. Kg1 Kf4 0-1

[Event "RUS-Cup03 Geller Memorial"]
[Site "Moscow"]
[Date "1999.02.12"]
[Round "3"]
[White "Gavritenkov, Sergei"]
[Black "Maljutin, Evgeni"]
[Result "1/2-1/2"]
[WhiteElo "2312"]
[BlackElo "2440"]
[Annotator "Mueller,Karsten"]
[PlyCount "56"]
[EventDate "1999.02.10"]
[EventType "swiss"]
[EventRounds "9"]
[EventCountry "RUS"]
[SourceTitle "CBM 070"]
[Source "ChessBase"]
[SourceDate "1999.06.08"]
[SourceVersion "1"]
[SourceVersionDate "1999.06.08"]
[SourceQuality "1"]

1. e4 d5 2. exd5 Nf6 3. Bb5+ Bd7 4. Bc4 Bg4 5. f3 Bc8 6. Nc3 Nbd7 7. d4 Nb6 8.
Bb3 Nbxd5 9. Nxd5 Nxd5 10. c4 Nf6 11. Be3 e6 12. Ne2 Be7 13. O-O O-O 14. Bc2 (
14. Nc3 b6 15. Qc2 Ba6 16. Qf2 Qc8 (16... Ne8 17. Rfd1 Nd6 18. Qe2 Qd7 $13 {
(Finkel in CBM 58) Polovodin,I-Smagin,S/St.Petersburg op 1993 (48)}) 17. Rfd1
Qb7 $11 {0-1 Gurgenidze,B-Sturua,Z/Tbilisi 1991/CBM 24/[Blatny,P] (57)}) (14.
Qd3 Ne8 $6 15. Rad1 Bf6 16. Ng3 b6 17. Ne4 $14 {(Finkel in CBM 58) Gdanski,
J-Shinkevich,V/FSGM Feb Budapest HUN 1996/1/2-1/2 (49)}) 14... a6 $5 $146 (
14... b6 15. Qd3 (15. Qe1 Ba6 16. b3 c5 17. dxc5 Bxc5 18. Bxc5 bxc5 19. Rd1 $14
{(Finkel) Miasnikov,A-Bagirov,V/Tbilisi URS sf 1957 (28)}) 15... Ba6 $6 16.
Rad1 g6 $6 (16... c5 17. Rfe1 h6 18. b3 Bb7 19. Qc3 $14 {(Finkel)}) 17. Bh6 Re8
18. Ba4 Nd7 19. Qc2 $14 {/+/- 1-0 Kholmov,R-Shinkevich,V/Perm 1997/CBM 58/
[Finkel,A] (29)}) 15. Qd3 b5 16. b3 (16. cxb5 {gibt Schwarz das Feld d5} axb5
17. Ng3 $11 (17. Qxb5 $4 Ba6 $19)) 16... bxc4 17. bxc4 c5 $5 18. Rfd1 (18. dxc5
Qc7 $11) 18... cxd4 19. Bxd4 Rb8 20. Ng3 (20. Nf4 g6 21. Be5 Qxd3 22. Nxd3 Rb7
$11 {/+/=}) 20... g6 21. Qc3 Nd7 $5 22. Ne4 Qc7 23. Bg7 Bb4 24. Nf6+ Nxf6 (
24... Kxg7 $2 25. Ne8+ Kh6 26. Qg7+ Kg5 27. h4+ Kxh4 28. Qh6+ Kg3 29. Qg5#) 25.
Qxf6 Be7 26. Qc3 Bb4 27. Qf6 Be7 28. Qc3 Bb4 1/2-1/2

[Event "Linares Anibal op 04th"]
[Site "Linares"]
[Date "1997.??.??"]
[Round "5"]
[White "Rodriguez Cespedes, Amador"]
[Black "Damaso, Rui"]
[Result "1/2-1/2"]
[WhiteElo "2555"]
[BlackElo "2465"]
[Annotator "Mueller,Karsten"]
[PlyCount "43"]
[EventDate "1997.02.??"]
[EventType "swiss"]
[EventRounds "10"]
[EventCountry "ESP"]
[SourceTitle "CBM 058"]
[Source "ChessBase"]
[SourceDate "1997.06.01"]
[SourceVersion "1"]
[SourceVersionDate "1997.06.01"]
[SourceQuality "1"]

1. e4 {Finkel,A} d5 2. exd5 Nf6 3. Bb5+ Nbd7 4. Nf3 {Finkel: Quiet a new
approach in this position.Usualy white opts for 4.Nc3 or 4.c4.Whith move in
the game white wants to exploit position of the knight on d7 gibt den d5
sofort wieder her, ist aber nicht uninteressant. Folgende Versuche den d5 zu
behaupten wurden unternommen:} (4. Nc3 a6 5. Bxd7+ (5. Be2 Nb6 6. Nf3 Nbxd5 7.
Nxd5 Qxd5 8. d4 Bg4 9. h3 Bh5 10. c4 Qd8 11. Qb3 $14 {1/2-1/2 Kovac,
S-Schmaranzer,A/Bled op-B 1996 (16)}) 5... Qxd7 6. Qf3 g6 7. Nge2 Bg7 8. O-O
O-O 9. d3 Rd8 10. Nf4 Rb8 11. Re1 Bf8 12. Be3 b5 13. Ba7 Ra8 14. Bd4 Bb7 15.
Bxf6 exf6 16. Ne4 Be7 17. c4 f5 18. Nc3 b4 19. Na4 Bd6 20. b3 Rab8 21. d4 c6
22. c5 Bxf4 23. Qxf4 Qxd5 {[%tqu "En","White to move and win.","","","a4b6",
"die schwarze Dame kann auf zwei Arten sofort gewonnen werden",2,"e1e5","auch
Sb6 gewinnt die Dame",2,"De","Weiß zieht und gewinnt.","","","a4b6","die
schwarze Dame kann auf zwei Arten sofort gewonnen werden",2,"e1e5","auch Sb6
gewinnt die Dame",2]} 24. Nb6 (24. Re5 Qxd4 25. Re8+ $18) 24... Qxd4 25. Re8+ {
1-0 Aronian,L-Sikorova,O/Pardubice Komercni Banka op 1996}) (4. c4 a6 5. Ba4 b5
6. cxb5 Bb7 (6... Nxd5 7. Nf3 N5b6 8. O-O Nxa4 9. Qxa4 Bb7 10. bxa6 Rxa6 11.
Qd1 Rf6 12. Ne1 e6 13. d3 Rg6 14. Bf4 Qa8 15. f3 e5 16. Be3 Bc5 17. Qe2 O-O 18.
Nc3 Qa7 19. Nc2 Ba6 20. b4 Bxe3+ 21. Qxe3 Qxe3+ 22. Nxe3 $16 {Sandor,
C-Buenermann,V/BL9394 1994 1-0 (29)}) 7. Nc3 Nxd5 8. Nf3 e6 9. bxa6 Rxa6 10.
O-O Be7 11. Ne5 N5f6 12. d4 $16 {Ivanov,A-Stefansson,H/Vienna op (9) 1991/1-0 
(61)}) 4... Nxd5 5. d4 g6 {Finkel: Now the game transforms into alekhine
defense,but white's bishop is misplaced on b5} (5... e6 $6 6. O-O Be7 7. Be2
O-O 8. c4 N5f6 9. Nc3 b6 10. h3 Bb7 11. Be3 Ne4 12. Qc2 Ndf6 13. Rad1 $14 {
Goldgewicht Lionel-Midoux S/It (open), Cannes (France) 1995 (32)}) 6. O-O Bg7
7. Re1 O-O 8. Bg5 c5 {Finkel: Risky,but good move.After normal 8...c6 9.Bc4
N7f6 10.c3 white keeps small opening plus} 9. Nc3 (9. c4 $6 N5f6 10. dxc5 Nxc5
11. Qxd8 Rxd8 $15 {spielt Schwarz in die Karten.}) (9. Bc4 $5 N7b6 (9... N5f6
$5) 10. Bxd5 Nxd5 11. c4 Nf6 12. dxc5 (12. Nc3 cxd4 13. Qxd4 Qxd4 14. Nxd4 e6
15. Rad1 Bd7 $11) 12... Qxd1 13. Rxd1 Ne4 14. Nc3 Nxc3 15. bxc3 Bxc3 16. Rac1
Bb2 17. Rc2 Bf6 18. Bxf6 exf6 19. Rd6 Kg7 20. c6 $14) 9... Nxc3 10. bxc3 Qa5 (
10... Nf6 $1 11. Qe2 (11. dxc5 $6 Qc7 $15) 11... Be6 12. Ba4 Nd5 13. Bb3 Nxc3
14. Qd3 cxd4 15. Bxe6 fxe6 16. Rxe6 $44) 11. a4 (11. Bxd7 $5 {gibt zwar
Läuferpaar auf, gewinnt aber dafür einen Bauern, z.B.} Bxd7 12. Bxe7 Rfe8 13.
Bxc5 Qxc3 14. Rxe8+ Bxe8 (14... Rxe8 15. Bxa7 $14) 15. Rb1 Bc6 16. Rb3 $14)
11... e6 12. Be7 Qxc3 $5 {ein interessantes Qualitätsopfer. Die schwarzen
Läufer sollten ein ausreichendes Äquivalent darstellen, zumal die weiße
Bauernstruktur geschwächt ist.} (12... Re8 13. Bxc5 Qxc3 14. Ra3 Qa5 15. Ne5
$36) 13. Bxf8 Nxf8 14. Re3 Qa5 15. c3 a6 16. Bd3 cxd4 17. cxd4 Bd7 (17... b6 {
[%csl Rd4][%cal Gc8b7,Ga8d8]} 18. Ne5 Bb7 19. Nc4 Qd5 20. Be4 Qxc4 21. Bxb7 Rd8
22. Rd3 $14) 18. Be4 Rb8 19. Ne5 Be8 20. f4 Nd7 21. Bf3 Nf6 22. Rb3 {hier
wurde die Partie remis gegeben,z.B.} (22. Rb3 Nd5 23. Qc1 (23. Qe1 $2 Qxe1+ 24.
Rxe1 Bxa4 $17) 23... Qd8 $11) 1/2-1/2

[Event "RUS-Cup03 Geller Memorial"]
[Site "Moscow"]
[Date "1999.02.08"]
[Round "7"]
[White "Losev, Dmitry"]
[Black "Vlassov, Nikolai"]
[Result "1-0"]
[WhiteElo "2345"]
[BlackElo "2454"]
[Annotator "Mueller,Karsten"]
[PlyCount "67"]
[EventDate "1999.02.10"]
[EventType "swiss"]
[EventRounds "9"]
[EventCountry "RUS"]
[SourceTitle "CBM 070"]
[Source "ChessBase"]
[SourceDate "1999.06.08"]
[SourceVersion "1"]
[SourceVersionDate "1999.06.08"]
[SourceQuality "1"]

1. e4 Nc6 2. Nf3 d5 3. exd5 Qxd5 4. Nc3 Qa5 5. d4 Bg4 6. Bb5 O-O-O 7. Bxc6 bxc6
8. h3 (8. Qd3 c5 (8... f6 9. Qc4 Bd7 10. b4 Qb6 11. Rb1 $36 {1-0 Van der Wiel,
J-Schmidt,K/Aarhus 1983/MCL 03 (41)}) 9. d5 e6 10. O-O $14 {/+/- 1-0 Lyrberg,
P-Hartzell,O/Stockholm 1992/EXT 92op (16)}) 8... Qh5 (8... Bh5 9. g4 Bg6 10.
Ne5 $14 {0-1 Hanasz,W-Sygulski,A/POL-chT Jachranka 1987/EXT 87ch2 (38)}) 9. Qd3
(9. Qe2 Bxf3 (9... Kb7 10. d5 $40 {1-0 Rabl,J-Wolf,W/Wuert-ch Moeglingen 1989/
GER 01 (19)}) 10. gxf3 e6 11. Bd2 Bd6 12. O-O-O Ne7 13. Ne4 $14 {/+/- 1-0
Chekhlov,A-Vlassov,N/Yalta 1995/EXP 47 (38)}) 9... Bxf3 10. gxf3 e6 (10... e5 {
hat Vlassov auch bereits gespielt:} 11. d5 Ne7 12. Bd2 $6 (12. Qa6+ $5 Kd7 13.
dxc6+ Nxc6 14. Be3 Qxf3 15. Rd1+ Bd6 16. Rg1 $13 {1-0 Fischer,G-Porth,D/BL2-SW
1988/BL2 (69)}) 12... cxd5 13. Qa6+ Kb8 14. Nb5 Nc8 15. Qc6 Bd6 16. O-O-O Qxf3
{0-1 Iordachescu,V-Vlassov,N/Moscow 1995/CBM 46/[Hecht] (56) und es ist nicht
zu sehen, wie Weiß ausreichende Kompensation erhalten kann.}) 11. Bd2 $5 (11.
Bf4 Qa5 12. Qc4 Bb4 $13 {0-1 Lorscheid,G-Gross,G/Wittlich 1990/GER 05 (29)})
11... Ne7 (11... Qa5 $5) 12. O-O-O Nf5 $2 {das geht zu weit. Der schwarze
König ist nun doch recht schutzlos dem weißen Angriff ausgesetzt.} (12... Qa5
$142) 13. Ne4 $1 $16 Rxd4 (13... Nxd4 $6 14. Be3 c5 (14... e5 15. Qa6+ Kb8 16.
c3 Qxf3 17. cxd4 Qxe4 (17... exd4 18. Bxd4 Rxd4 19. Rxd4 Qxh1+ 20. Rd1 $18) 18.
dxe5 $18) 15. Qa6+ Kb8 (15... Kd7 16. Qb5+ Kc8 17. Bxd4 $18) 16. Bxd4 cxd4 17.
Rd3 Qd5 18. c4 Qb7 19. Rb3 $18) 14. Qa6+ Kd7 (14... Kb8 15. Be3 $18) 15. Be3
Rxd1+ (15... Rd5 16. c4 Nxe3 (16... Rxd1+ 17. Rxd1+ Bd6 18. c5 $18) 17. fxe3
Qxf3 18. cxd5 Qxe3+ (18... Qxe4 $2 19. Qxc6+ $18) 19. Nd2 $18) 16. Rxd1+ Bd6 (
16... Nd6 17. Nc5+ Ke7 18. Qxc6 $18) 17. c4 (17. Bg5 $5 {(Fritz 5.32)} f6 (
17... Rb8 18. Nc5+ Ke8 19. Qxc6+ Kf8 20. Nd7+ Kg8 21. Nxb8 Qxg5+ 22. Kb1 $18)
18. Bxf6 Rb8 19. Qxa7 Kc8 (19... Rb5 20. c4 Qxf3 21. Nxd6 $18) 20. Qa6+ Kd7 21.
Nc5+ Ke8 22. Qxc6+ Kf7 23. Qd7+ Kg8 24. Ne4 $18) 17... Ke7 $6 (17... Rd8 $5 18.
Bg5 (18. c5 Qxf3 {ist nicht ganz so übersichtlich.}) 18... Qxf3 19. Nxd6 cxd6
20. Qxa7+ Ke8 21. Bxd8 Kxd8 22. Qxf7 $16) (17... Qxf3 18. Nxd6 Nxd6 19. c5 $16)
(17... Nxe3 18. fxe3 $16) 18. Qxa7 $18 Rc8 19. Qb7 Nxe3 (19... Qxf3 20. Nxd6
Nxd6 21. Rxd6 $18) 20. fxe3 Qxf3 21. Nxd6 Rf8 22. Qxc7+ Kf6 23. Qb6 e5 24. e4
g6 25. Qxc6 Kg7 26. Qd5 Qxh3 27. Qxe5+ Kg8 28. Ne8 Qh6+ 29. Kb1 f5 30. Nf6+ Kh8
31. Nd7+ Kg8 32. Nxf8 Qh5 33. Qe6+ Kxf8 34. Qf6+ 1-0

[Event "EU-Cup 13th Group7"]
[Site "Krynica"]
[Date "1997.09.17"]
[Round "3"]
[White "Socko, Bartosz"]
[Black "Nevednichy, Boris M"]
[Result "1/2-1/2"]
[WhiteElo "2435"]
[BlackElo "2360"]
[Annotator "Mueller,Karsten"]
[PlyCount "60"]
[EventDate "1997.09.15"]
[EventType "team-k.o."]
[EventRounds "3"]
[EventCountry "POL"]
[SourceTitle "EXT 2020"]
[Source "ChessBase"]
[SourceDate "2019.10.17"]
[SourceVersion "1"]
[SourceVersionDate "2019.10.17"]
[SourceQuality "1"]
[WhiteTeam "Warszawa Polonia"]
[BlackTeam "Chisinau Rezina-Gaz"]
[WhiteTeamCountry "POL"]
[BlackTeamCountry "MDA"]

1. e4 d5 2. exd5 Nf6 3. d4 Nxd5 4. Nf3 g6 5. Be2 Bg7 6. O-O O-O 7. c4 Nb6 8.
Nc3 Bg4 9. Be3 Nc6 10. d5 Bxf3 11. Bxf3 Ne5 12. Bxb6 (12. c5 Nbc4 13. Bc1 c6
14. Be2 cxd5 (14... Qa5 15. dxc6 bxc6 16. Ne4 Rab8 17. b3 Na3 18. Bd2 $13 {
1-0 Gurevich,V-Vrbanov,G/Bankia op 1990/EXT 90op2 (33)}) 15. Nxd5 e6 16. Ne3
Nxe3 17. Bxe3 Qc7 {1/2-1/2 Nunn,J-Palkovi,J/BL9596 1996/BL 90}) 12... Nxf3+ (
12... axb6 13. Be2 c6 14. f4 Nd7 15. Bf3 Qc7 $10 {0-1 Laroche,G-Rodriguez,O/
Thessaloniki olm 1988/TD 88\06 (25)}) (12... cxb6 $5 13. Be2 Rc8 14. Qa4 a6 15.
Rac1 Qc7 $10 {0-1 Briestensky,R-Polko,J/SVK-chT 1995/EXT 95ch (45)}) 13. Qxf3
axb6 14. Rfe1 (14. a4 Qd7 15. b3 e5 16. dxe6 fxe6 17. Qh3 $14 {Sleich,J-Galkin,
S/Decin op 1997/EXT 97/0-1 (57)}) 14... Re8 (14... Qd6 15. a3 Rfe8 16. Rad1 Qc5
17. Qd3 $14 {1/2-1/2 Pokorna,R-Polovnikova,E/WchJW U14 1996/JUN 97 (55)}) (
14... Qd7 15. a3 Rae8 16. Rad1 e6 17. dxe6 Rxe6 18. Rxe6 Qxe6 19. b3 Re8 20. g3
Bxc3 21. Qxc3 Qe2 22. Rd7 Re7 23. Rd8+ Re8 24. Rd7 Re7 25. Rd8+ Re8 {1/2-1/2
Kuznetsova,E-Pedko,O/Erevan-JW 1983/MCD-r8}) 15. a3 c6 16. Rad1 (16. dxc6 $5
bxc6 17. Qxc6 Rc8 18. Qb5 Bxc3 19. bxc3 Qc7 20. Re4 Red8 $14) 16... Qc7 17. Rd2
Bxc3 18. Qxc3 Rad8 19. Red1 cxd5 20. Rxd5 Rxd5 21. Rxd5 Rd8 22. Qd4 (22. Rxd8+
$5 Qxd8 23. g3 $14) 22... Rxd5 23. Qxd5 Qf4 $1 24. g3 Qc1+ 25. Kg2 Qxb2 26.
Qxb7 (26. Qd8+ Kg7 27. Qxe7 Qc3 28. Qxb7 Qxa3 29. Qxb6 Qa8+ $10) 26... Qxa3 27.
Qxb6 Qa8+ 28. Kg1 Qa1+ 29. Kg2 Qa8+ 30. Kg1 Qa1+ 1/2-1/2

[Event "DEN-ch"]
[Site "Nyborg"]
[Date "2001.04.09"]
[Round "3"]
[White "Nielsen, Peter Heine"]
[Black "Berg, Klaus"]
[Result "1-0"]
[WhiteElo "2585"]
[BlackElo "2418"]
[Annotator "Nielsen,Peter Heine"]
[PlyCount "61"]
[EventDate "2001.04.07"]
[EventType "tourn"]
[EventRounds "9"]
[EventCountry "DEN"]
[EventCategory "8"]
[SourceTitle "CBM 083"]
[Source "ChessBase"]
[SourceDate "2001.07.05"]
[SourceVersion "1"]
[SourceVersionDate "2001.07.05"]
[SourceQuality "1"]

1. e4 d5 2. exd5 Qxd5 3. Nc3 Qa5 4. d4 c6 5. Bd2 Bf5 {This is the modern way
of playing the Scandinavian. Black waits with Nf6, not Allowing white to play
ideas with Bc4 and Nd5xf6} 6. g4 Bg6 (6... Be6 {Is a more creative way of
dealing with whites early agressions}) 7. f4 {To me this seems like more or
less the refutation of 6...Bg6.} e6 8. Qe2 Ne7 (8... Be7 9. O-O-O h5 $2 10. f5
exf5 11. g5 {Gives a winning attack.}) 9. d5 $5 (9. O-O-O Nd7 10. Nf3 O-O-O 11.
Bg2 {Is fine for white, but the text is much more fun}) 9... cxd5 10. Nb5 (10.
f5 {Seems to limit blacks choices.} Nxf5 11. gxf5 Bxf5 12. Bg2 Bb4 13. Bxd5 {
Is the point as} Bxc3 14. Bxb7 Bxd2+ 15. Qxd2 Qe5+ 16. Ne2 Qxb2 17. Rd1 {wins})
10... Qb6 11. f5 a6 (11... exf5 {Is what Fritz would have done.} 12. Be3 (12.
Bf4) 12... Qc6 13. Bf4 {Gives white a huge attack, for a few pawns...}) 12.
fxg6 hxg6 (12... axb5 13. gxf7+ Kxf7 14. Nf3 h6 15. Qxb5 $1 Qxb5 16. Bxb5 {
Followed by Castling and c4 gives an winning ending. Pair of bishops, attack,
and weak black pawns.}) 13. Nc3 Qxb2 14. Rb1 Qa3 15. Rxb7 Nbc6 16. Nf3 Na5 17.
Nb5 $2 (17. Rb1 Nc4 18. Ne5 {Was the prosaic, and correct way of winning the
game.}) 17... axb5 18. Qxb5+ Nec6 19. Nd4 (19. Bxa5 Qxa5+ 20. Qxa5 $1 (20. Kd1
Qc3 {wins}) 20... Rxa5 21. Bb5 Rxb5 22. Rxb5 Bd6 {Gives black reasonable
drawing chanses, due to his solid structure.}) 19... Bb4 $4 (19... Bd6 $1 20.
Nxc6 Nxb7 21. Ne5+ Kf8 22. Qxb7 Qa7 {Is blacks correct defence, leaving white
hardpreesed to save the draw.} 23. Qxa7 Rxa7 24. Bc3 Rxa2 (24... Ra3 25. Kd2
Rxc3 26. Nxg6+) 25. Bd3 Ra4 26. Ke2 Bxe5 27. Bxe5 Rxg4 {When whites bishops
should be able to defend, but it wont be too pleasant}) 20. Bxb4 Qe3+ 21. Ne2
Nxb7 22. Qxc6+ Kd8 23. Qxb7 Rxa2 24. Qb8+ Kd7 25. Qb7+ Kd8 26. Qb8+ Kd7 27.
Qd6+ Kc8 28. Qc6+ Kd8 29. Bc3 f6 30. Bg2 Qg5 31. Qd6+ {Not a correct game, but
a theoretically interesting one.} 1-0

[Event "RUS-ch"]
[Site "Elista"]
[Date "1995.??.??"]
[Round "1"]
[White "Sveshnikov, Evgeny"]
[Black "Lastin, Alexander"]
[Result "1-0"]
[WhiteElo "2580"]
[BlackElo "2465"]
[Annotator "Nikitin,A"]
[PlyCount "81"]
[EventDate "1995.10.??"]
[EventType "swiss"]
[EventRounds "11"]
[EventCountry "RUS"]
[SourceTitle "CBM 050"]
[Source "ChessBase"]
[SourceDate "1996.02.01"]
[SourceVersion "1"]
[SourceVersionDate "1996.02.01"]
[SourceQuality "1"]

1. e4 d5 2. exd5 Qxd5 3. Nc3 Qa5 4. d4 Nf6 5. Bc4 c6 (5... Bg4 $5 6. f3 Bf5 7.
Nge2 e6 8. O-O Nbd7 9. Ng3 Bg6 $13) 6. Nf3 Bf5 (6... Bg4 7. h3 Bh5 8. g4 Bg6 9.
Ne5 Nbd7 10. Qe2 e6 $13) 7. Bd2 e6 8. Qe2 (8. Nd5 Qd8 9. Nxf6+ Qxf6 10. O-O Nd7
11. Bc3 Qh6 $13) 8... Bb4 9. a3 (9. O-O-O Nbd7 10. Kb1 Nb6 11. Bb3 Bxc3 $1 12.
Bxc3 Qb5 $1 13. Qxb5 cxb5 $13 {Bologan,V-Wahls,M/Biel/1993/0,5/39/}) (9. Nh4 $5
Bg4 10. f3 Bxc3 11. Bxc3 Qg5 12. g3 Bh3 13. Bd2 Qh5 14. O-O-O $14) 9... Nbd7
10. O-O-O Bxc3 11. Bxc3 Qc7 12. Ne5 Nd5 13. Bd2 b5 (13... Nxe5 14. dxe5 O-O-O
15. g4 Bg6 16. f4 h5 17. h3 Qb6 18. Rhf1 hxg4 19. hxg4 Qc5 20. Bb3 Rh3 21. Rf3
Rdh8 22. Rdf1 Rh2 23. Qe1 $14 {Psakhis,L-Wahls,M/Baden-Baden/1992/0,5/45/}) 14.
Bb3 Nxe5 15. dxe5 O-O-O 16. g4 Bg6 17. f4 h5 18. h3 a6 19. Qf3 $1 $16 f5 20.
exf6 gxf6 21. Rhe1 hxg4 22. hxg4 e5 23. f5 Bf7 24. Rh1 Rhe8 25. Qe4 $1 Rd7 26.
g5 fxg5 27. Bxg5 Qb7 28. Rh7 Qb6 29. Rh6 (29. c4 bxc4 30. Bxc4 Qc5 31. Qc2 $16)
29... Rg8 30. Bd2 Kb7 31. Qxe5 Qf2 32. Be3 Qe2 33. Qd4 c5 34. Qxc5 $16 Qxd1+ $8
35. Kxd1 Nc3+ 36. Ke1 Rd1+ 37. Kf2 Ne4+ 38. Ke2 Nxc5 39. Bxf7 $1 $18 Rgd8 40.
Bxc5 R8d2+ 41. Ke3 1-0